Uniform algebras /
Guardado en:
| Autor Principal: | |
|---|---|
| Formato: | Libro |
| Idioma: | English |
| Publicado: |
Englewood Cliffs, N.J. :
Prentice-Hall,
c1969.
|
| Series: | Prentice-Hall series in modern analysis
|
| Etiquetas: |
Agregar Etiqueta
Sin Etiquetas, Sea el primero en etiquetar este registro!
|
| LEADER | 00730cam a22002055 4500 | ||
|---|---|---|---|
| 001 | MAT.inmabb001887 | ||
| 008 | 691126s1969####nyua#####b####001#0#eng#d | ||
| 005 | 20160801180423.0 | ||
| 245 | 1 | 0 | |a Uniform algebras / |c Theodore W. Gamelin. |
| 260 | |a Englewood Cliffs, N.J. : |b Prentice-Hall, |c c1969. | ||
| 300 | |a xiii, 257 p. : |b il. ; |c 24 cm. | ||
| 440 | 0 | |a Prentice-Hall series in modern analysis | |
| 504 | |a Bibliografía: p. 240-252. | ||
| 500 | |a "This book evolved from a seminar which I gave at the Universidad Nacional de Buenos Aires"--Preface. | ||
| 510 | 4 | |a MR, |c 53 #14137 | |
| 020 | |a 0139378057 | ||
| 100 | 1 | |a Gamelin, Theodore W. | |
| 084 | |a 46J10 (30A98) |2 MR | ||
| 010 | |a 70084036 | ||
| 859 | |h 46 |i G192 |p A-3367 |b BIB. MATEMATICA | ||
